|
|
|
|
| LEADER |
01738nam a2200433 a 4500 |
| 001 |
EBC166981 |
| 003 |
MiAaPQ |
| 005 |
20200520144314.0 |
| 006 |
m o d | |
| 007 |
cr cn||||||||| |
| 008 |
980422r20031999enka sb 001 0 eng |
| 010 |
|
|
|z 98022609
|
| 020 |
|
|
|z 0415172314
|
| 020 |
|
|
|a 0203449053 (electronic bk.)
|
| 035 |
|
|
|a (MiAaPQ)EBC166981
|
| 035 |
|
|
|a (Au-PeEL)EBL166981
|
| 035 |
|
|
|a (CaPaEBR)ebr10070475
|
| 035 |
|
|
|a (CaONFJC)MIL31879
|
| 035 |
|
|
|a (OCoLC)264500888
|
| 040 |
|
|
|a MiAaPQ
|c MiAaPQ
|d MiAaPQ
|
| 050 |
|
4 |
|a HC260.I52
|b B753 2003
|
| 082 |
0 |
4 |
|a 338/.00941
|2 21
|
| 245 |
0 |
4 |
|a The British industrial decline
|h [electronic resource] /
|c edited by Jean-Pierre Dormois and Michael Dintenfass.
|
| 260 |
|
|
|a London ;
|a New York :
|b Routledge,
|c 2003.
|
| 300 |
|
|
|a xii, 234 p. :
|b ill.
|
| 490 |
1 |
|
|a Routledge explorations in economic history ;
|v 10
|
| 504 |
|
|
|a Includes bibliographical references and index.
|
| 533 |
|
|
|a Electronic reproduction. Ann Arbor, MI : ProQuest, 2015. Available via World Wide Web. Access may be limited to ProQuest affiliated libraries.
|
| 650 |
|
0 |
|a Industries
|z Great Britain.
|
| 650 |
|
0 |
|a Industrial policy
|z Great Britain.
|
| 650 |
|
0 |
|a Industrial productivity
|z Great Britain.
|
| 651 |
|
0 |
|a Great Britain
|x Economic conditions
|y 19th century
|x Regional disparities.
|
| 651 |
|
0 |
|a Great Britain
|x Economic conditions
|y 20th century
|x Regional disparities.
|
| 655 |
|
4 |
|a Electronic books.
|
| 700 |
1 |
|
|a Dormois, Jean-Pierre.
|
| 700 |
1 |
|
|a Dintenfass, Michael,
|d 1952-
|
| 710 |
2 |
|
|a ProQuest (Firm)
|
| 830 |
|
0 |
|a Routledge explorations in economic history ;
|v 10.
|
| 856 |
4 |
0 |
|u https://ebookcentral.proquest.com/lib/matrademy/detail.action?docID=166981
|z Click to View
|